[Event "Top 12 FRA-chT 2017"]
[Site "Chartres"]
[Date "2017.05.27"]
[Round "10"]
[White "Le Roux, Jean-Pierre"]
[Black "Sulava, Nenad"]
[Result "1-0"]
[WhiteElo "2538"]
[BlackElo "2468"]
[Annotator "TA"]
[PlyCount "69"]
[EventDate "2017.??.??"]
[EventType "team-tourn"]
[EventCountry "FRA"]
[SourceTitle "playchess.com"]
[Source "ChessBase"]
[SourceQuality "1"]
[WhiteTeam "Bischwiller"]
[BlackTeam "Nice Alekhine"]

{[%evp 14,69,43,43,77,59,87,83,89,82,86,60,65,45,66,66,75,45,72,62,62,33,65,72,61,52,87,50,60,52,74,65,143,135,172,140,243,215,222,194,262,214,257,265,335,272,410,413,587,579,700,699,691,691,738,725,945,952]} 1. e4 e6 2. d4 c5 3. d5 exd5 4. exd5 d6 5. Nf3 Nf6 6. Bd3 {A43: Schmid Benoni} Be7 7. O-O O-O 8. c4 {LiveBook: 3 Games. White is slightly better.} Re8 (8... Bg4 9. Nbd2 Bh5 10. Qb3 Na6 11. a3 Rb8 12. Qc2 Bg6 13. Bxg6 hxg6 {½-½ (78) Kovalenko,I (2653)-Miezis,N (2499) Tallinn 2015}) 9. h3 Nbd7 10. Nc3 Nf8 11. Re1 Ng6 12. Bg5 Bd7 13. Qd2 $146 ({Predecessor:} 13. Bc2 Bf8 14. Ne4 {1-0 (55) Rigo,J (2314)-Andreolini,M Porto San Giorgio 2004}) 13... h6 14. Be3 Bf8 15. a3 Rb8 16. b4 b6 17. Re2 Ne5 18. Nxe5 Rxe5 19. Rae1 Re8 20. Bf4 (20. b5 {is interesting.} a6 21. bxa6 Ra8 22. a4 Rxa6 23. Bc2) 20... Rxe2 21. Rxe2 (21. Qxe2 {keeps more tension.} a6 22. Qb2 g5 23. Bh2 b5 24. cxb5 cxb4 25. Qxb4 Bxb5 26. Nxb5 axb5 27. Rd1) 21... Qc7 22. Re3 Kh8 {[#]} ({Black should try} 22... b5 $14) 23. Rf3 $1 $16 {Hoping for Bxh6!} Ng8 24. g4 cxb4 (24... f5 $16) 25. axb4 $18 a5 26. b5 f6 (26... Be7 $142 27. Qe2 Qd8) 27. Re3 Ra8 28. Na4 Ne7 29. Qb2 Be8 (29... Kg8 $142 30. Bxh6 gxh6) 30. Qd4 Rb8 (30... Rd8 $142 31. Nxb6 Qa7) 31. Re6 {White is clearly winning.} Ng6 {[#]} 32. Rxe8 $1 {[%mdl 512]} Rxe8 33. Bxg6 Re1+ 34. Kg2 Qe7 35. Be3 {Precision: White = 55%, Black = 34%.} 1-0

[Event "Top 12 FRA-chT 2017"]
[Site "Chartres"]
[Date "2017.05.27"]
[Round "10"]
[White "Nataf, Igor-Alexandre"]
[Black "Popov, Yuriy K"]
[Result "0-1"]
[WhiteElo "2535"]
[BlackElo "1885"]
[Annotator "TA"]
[PlyCount "74"]
[EventDate "2017.??.??"]
[EventType "team-tourn"]
[EventCountry "FRA"]
[SourceTitle "playchess.com"]
[Source "ChessBase"]
[SourceQuality "1"]
[WhiteTeam "Strasbourg"]
[BlackTeam "Grasse Echecs"]

{[%evp 23,74,0,0,0,0,0,0,0,47,-54,-53,-63,-23,-66,-54,-85,-69,-261,-255,-268,-251,-254,-265,-267,-254,-227,-232,-258,-256,-306,-284,-368,-364,-364,-370,-336,-361,-356,-354,-328,-319,-339,-349,-362,-362,-893,-876,-942,-903,-29956,-6796,-29998,-29999]} 1. e4 e5 2. Nf3 Nc6 3. d4 exd4 4. Nxd4 Nf6 5. Nxc6 bxc6 6. e5 Qe7 7. Qe2 Nd5 8. c4 Ba6 9. Qe4 Nf6 10. Qe2 Nd5 11. Qe4 Nb6 12. Nc3 {C45: Scotch Game} g6 {LiveBook: 3 Games} (12... f6 13. c5 Bxf1 14. Rxf1 Nd5 15. Nxd5 cxd5 16. Qxd5 c6 17. Qe4 Qxe5 18. Qxe5+ fxe5 19. Be3 {½-½ (55) Wang,H (2732)-Zhao,J (2634) China 2016}) 13. c5 Bxf1 14. cxb6 {The position is equal.} (14. Kxf1 Qxc5 15. f4 Qe7 $15) 14... f5 $1 {[%cal Rf5e4]} 15. b7 Rd8 $146 (15... Rb8 $5 {[%cal Rf5e4]} 16. Qe3 Bxg2 $14) ({Predecessor:} 15... Rb8 16. Qe3 f4 17. Qxa7 Rxb7 18. Qxb7 Bxg2 19. Bxf4 Bxh1 20. O-O-O Bf3 21. e6 d6 22. Rd3 Bd5 23. Nxd5 cxd5 24. Qc6+ {1-0 (22) Rodrigues,E (2303)-Cantarino Neto,M (2072) Pocos de Caldas 2014}) 16. Qe3 (16. Qa4 $1 $14 Bxg2 17. Rg1 Qxe5+ 18. Be3) 16... Bxg2 $15 17. Rg1 Bd5 $1 18. Qxa7 Qxe5+ 19. Be3 $1 {aiming for 0-0-0.} Bb4 20. b8=Q $2 (20. Qd4 $15 Qxd4 21. Bxd4) 20... Bxc3+ $19 21. bxc3 Qxc3+ 22. Ke2 Rxb8 23. Qxb8+ Kf7 24. Qb1 {[#]} f4 $1 {[%cal Rf4e3][%mdl 1536] Black has strong compensation.} 25. Qc1 (25. Bxf4 Bf3+) 25... Qe5 26. Rf1 Re8 {White must now prevent ...Kg8.} ({Not} 26... fxe3 27. fxe3+ Kg7 28. Rf2 $19) 27. a4 Qe4 {Hoping for ...Bc4+.} ({Resist} 27... fxe3 28. fxe3+ Kg8 29. Rf2 $19) 28. Qc3 Bc4+ ({Weaker is} 28... fxe3 29. fxe3+ Kg8 30. Rf2 $17) 29. Kd2 Bxf1 30. Rxf1 {and the idea Qd4 leaves White hopeful.} fxe3+ 31. fxe3+ {[%mdl 4096] Endgame KQR-KQR} Kg8 {And now ...Qg2+ would win.} 32. Qb3+ d5 33. Rf2 c5 {[%cal Bc6c5,Bc5c4][%mdl 32]} 34. a5 $2 (34. Qd3) 34... c4 35. Qc3 Rb8 36. a6 Qb1 37. Qa5 Qd3+ {Precision: White = 22%, Black = 96%.} 0-1

[Event "Top 12 FRA-chT 2017"]
[Site "Chartres"]
[Date "2017.05.27"]
[Round "10"]
[White "Rozentalis, Eduardas"]
[Black "Wirig, Anthony"]
[Result "1/2-1/2"]
[WhiteElo "2535"]
[BlackElo "2486"]
[Annotator "TA"]
[PlyCount "64"]
[EventDate "2017.??.??"]
[EventType "team-tourn"]
[EventCountry "FRA"]
[SourceTitle "playchess.com"]
[Source "ChessBase"]
[SourceQuality "1"]
[WhiteTeam "Strasbourg"]
[BlackTeam "Grasse Echecs"]

{[%evp 9,64,40,21,30,43,16,10,35,17,18,35,-39,-33,-77,-71,-68,-76,-100,-54,-107,-98,-163,-172,-143,-134,-346,-157,-233,-244,-228,-59,-62,-71,-87,-74,-131,-107,-139,-126,-119,-91,-99,-85,-99,-90,-124,-95,-92,-91,-66,-73,-76,0,-75,0,-87,0]} 1. e4 c5 2. Nf3 g6 3. c3 d5 4. exd5 Qxd5 5. Na3 Bg7 6. Bc4 {B27: Sicilian: 2 Nf3, unusual Black 2nd moves} Qd8 7. Qb3 Nh6 {[%cal Bg8h6,Bh6f5,Bf5e3][%mdl 32]} 8. d4 {Black must now prevent Bxh6.The position is equal.} O-O {[%cal Rc5d4]} 9. dxc5 Nd7 10. Be3 $146 ({White should play} 10. O-O $14) ({Predecessor:} 10. Qb4 a5 11. Qb5 Qc7 {1-0 (40) Radjabov,T (2788)-Kazhgaleyev,M (2589) Astana 2012}) 10... Nf5 11. O-O-O Nxe3 12. fxe3 e6 13. Nb5 Nxc5 14. Qa3 (14. Qb4 $15 Qe7 15. Nd6) 14... Qe7 $1 $17 15. h4 (15. Rhf1 $17) 15... b6 $19 16. Nd6 Bb7 17. Ng5 $2 (17. Nxb7 $17 {was called for.} Qxb7 18. Bd3) 17... Rad8 (17... Bxg2 $19 {and Black stays clearly on top.} 18. Rhg1 Bd5 $1 {[%mdl 512]} 19. Bxd5 exd5 20. Ngxf7 Rxf7 21. Nxf7 Qxf7) 18. Ndxf7 (18. Ngxf7 $17 Rxf7 19. Nxf7 Rxd1+ 20. Rxd1 Kxf7 21. Qxa7) 18... Rxd1+ ({Don't take} 18... Rxf7 19. Nxf7 Rxd1+ 20. Rxd1 $17) 19. Rxd1 {[#]} Rxf7 $2 (19... Bd5 $1 $19 {[%cal Rd5c4]} 20. b4 Bxc4 21. bxc5 Rxf7 22. Nxf7 Qxf7 23. Rd8+ Bf8) 20. Nxf7 $15 Kxf7 21. Qxa7 {[#] Black should prevent b4.} Qc7 $1 22. Bb5 (22. g4 $142) 22... Kg8 23. g4 h5 24. gxh5 gxh5 25. Bd3 Nxd3+ 26. Rxd3 Kh7 27. Qa4 {White wants to play Rd7.} Qg3 {[%mdl 1024] Black has strong compensation.} 28. Qf4 Qg2 29. Rd2 Qg1+ 30. Rd1 Qg2 31. Rd2 $1 {[%cal Rd2g2]} Qg1+ 32. Rd1 Qg2 {Precision: White = 34%, Black = 56%.} (32... Qg6 $17) 1/2-1/2

[Event "Top 12 FRA-chT 2017"]
[Site "Chartres"]
[Date "2017.05.27"]
[Round "10"]
[White "Apicella, Manuel"]
[Black "Al-Sharif, Hany M"]
[Result "1/2-1/2"]
[WhiteElo "2515"]
[BlackElo "2093"]
[Annotator "TA"]
[PlyCount "121"]
[EventDate "2017.??.??"]
[EventType "team-tourn"]
[EventCountry "FRA"]
[SourceTitle "playchess.com"]
[Source "ChessBase"]
[SourceQuality "1"]
[WhiteTeam "Grasse Echecs"]
[BlackTeam "Strasbourg"]

{[%evp 20,121,3,0,0,4,20,-17,-8,-17,-21,-29,-21,-22,-26,-22,-21,-32,-32,-20,0,-18,-21,-29,0,0,0,0,0,0,0,0,0,0,0,0,0,0,8,8,8,8,6,0,0,-94,-81,-89,-97,-136,-113,-60,0,0,0,0,0,0,0,0,0,0,0,0,0,0,0,0,0,0,8,8,8,8,8,8,8,8,8,8,8,8,8,8,8,8,8,8,8,8,8,8,10,10,10,10,10,10,10,10,10,0,0,0]} 1. e4 e6 2. d4 d5 3. Nc3 Nf6 4. e5 Nfd7 5. f4 c5 6. Nf3 Be7 {C11: French: Classical System: 4 e5 and 4 Bg5 dxe4} (6... Nc6 7. Be3 Be7 8. Qd2 a6 9. a3 O-O 10. Be2 b6 11. Nd1 f6 12. c3 a5 13. O-O Ba6 14. Bxa6 Rxa6 15. exf6 Nxf6 16. Nf2 Bd6 {½-½ (46) Jakovenko,D (2718)-Korobov,A (2695) Poikovsky 2017}) 7. Be3 O-O 8. Qd2 a6 9. Be2 Nc6 10. O-O b5 11. a3 {LiveBook: 133 Games} Bb7 12. Kh1 Qb6 13. Rad1 cxd4 14. Nxd4 Bc5 15. Rf3 Nxd4 16. Bxd4 Bxd4 17. Qxd4 Rac8 18. Rh3 $146 ({Predecessor:} 18. Kg1) 18... Qxd4 19. Rxd4 Nb6 20. Bd3 g6 21. Kg1 Nc4 22. Bxc4 $1 Rxc4 23. Rhd3 f6 24. exf6 Rxf6 25. g3 g5 26. fxg5 Rg6 27. h4 h6 28. gxh6 Rxd4 29. Rxd4 Rxg3+ $11 {[%mdl 4096] Endgame KRB-KRN} 30. Kf2 Rg6 31. a4 e5 32. Rd1 (32. Rd3 $11 {remains equal.}) 32... d4 $17 33. Ne2 Rg2+ 34. Kf1 Bf3 35. Re1 bxa4 (35... Rh2 $15 36. axb5 axb5) 36. Ng1 $11 {The position is equal.} Bc6 37. Re2 Rxe2 38. Kxe2 {KB-KN} e4 39. Nh3 Kh7 40. Ng5+ Kxh6 {Threatens to win with ...Bd5.} 41. Ne6 Bb5+ 42. Ke1 d3 43. cxd3 exd3 44. Nf4 Bc4 45. Kd2 Bb5 46. Kc3 a5 47. Nxd3 Kh5 48. Ne5 Kxh4 49. Nc4 Kg5 (49... Bxc4 50. Kxc4 Kh5 51. Kb5 a3 52. bxa3 a4 53. Kxa4 Kg5 54. Kb5) 50. Nxa5 Kf6 51. Kb4 Be8 52. Nc4 Ke7 53. Nb6 Kd6 54. Nxa4 Kc7 55. Nc3 Bg6 56. Kc5 Bd3 57. Nb5+ Kb7 58. Nd6+ Kc7 59. Nc4 Kb7 60. b4 Bxc4 61. Kxc4 {Precision: White = 74%, Black = 71%.} 1/2-1/2

[Event "Top 12 FRA-chT 2017"]
[Site "Chartres"]
[Date "2017.05.27"]
[Round "10"]
[White "Sebag, Marie"]
[Black "Kuzubov, Yuriy"]
[Result "1/2-1/2"]
[WhiteElo "2488"]
[BlackElo "2698"]
[Annotator "TA"]
[PlyCount "34"]
[EventDate "2017.??.??"]
[EventType "team-tourn"]
[EventCountry "FRA"]
[SourceTitle "playchess.com"]
[Source "ChessBase"]
[SourceQuality "1"]
[WhiteTeam "Strasbourg"]
[BlackTeam "Grasse Echecs"]

{[%evp 21,34,25,14,11,13,16,11,11,18,16,18,18,29,18,29]} 1. e4 c5 2. c3 e6 3. d4 d5 4. exd5 exd5 5. Nf3 Nf6 6. Bb5+ Bd7 7. Bxd7+ Nbxd7 {[%cal Bb8d7,Bd7c5,Bc5e4][%mdl 32]} 8. O-O Be7 9. dxc5 Nxc5 10. Nbd2 O-O 11. Nb3 {C08: French Tarrasch: 3...c5 4 exd5 exd5 sidelines} Nce4 {LiveBook: 26 Games} 12. h3 Bd6 13. Be3 Re8 14. Qd3 Qc7 $146 ({Predecessor:} 14... Qd7 15. Rfe1 b5 16. Nbd4 Rab8 17. a3 a5 18. Nb3 b4 19. cxb4 axb4 20. a4 Rec8 {1-0 (45) Salgado Lopez,I (2620)-Phiri,R (2121) Tromsoe 2014}) 15. Rad1 a6 16. Rfe1 Rad8 17. Nbd4 g6 1/2-1/2

[Event "Top 12 FRA-chT 2017"]
[Site "Chartres"]
[Date "2017.05.27"]
[Round "10"]
[White "Riff, Jean-Noel"]
[Black "Le Borgne, Pierre"]
[Result "1-0"]
[WhiteElo "2476"]
[BlackElo "2234"]
[Annotator "TA"]
[PlyCount "103"]
[EventDate "2017.??.??"]
[EventType "team-tourn"]
[EventCountry "FRA"]
[SourceTitle "playchess.com"]
[Source "ChessBase"]
[SourceQuality "1"]
[WhiteTeam "Mulhouse Philidor"]
[BlackTeam "Lisieux"]

{[%evp 19,103,43,40,37,111,102,103,91,93,93,93,93,95,57,53,60,48,0,38,34,34,39,79,74,95,58,76,64,121,117,181,181,181,175,361,354,389,375,388,382,345,352,342,191,203,194,185,0,0,-107,-37,-19,0,-32,-33,-50,0,0,0,0,0,0,-6,-2,508,468,510,427,638,625,581,567,573,558,591,566,839,823,672,553,672,686,12845,12845,12847,12846]} 1. e4 {[%cal Be2e4,Be4e5,Be5e6][%mdl 32]} g6 2. d4 Bg7 3. Nc3 c6 4. h3 d5 5. Nf3 Nf6 6. e5 Ne4 7. Nxe4 dxe4 8. Ng5 c5 9. dxc5 Qa5+ 10. c3 {B15: Caro-Kann: 3 Nc3: 3...g6 and 3...dxe4 4 Nxe4 Nf6 5 Nxf6+ exf6} Qxc5 {LiveBook: 5 Games} 11. e6 (11. Nxe4 Qxe5 12. Qe2 O-O $11) 11... f6 ({Better is} 11... f5 $14) 12. Qa4+ $1 $16 {White is better.} (12. Nxe4 $6 Qc6 $11) 12... Nc6 13. Be3 Qa5 14. Qxa5 $146 ({Predecessor:} 14. Bb5 Bxe6 15. Nxe4 Bc8 16. Nc5 Kf7 17. O-O-O g5 {1-0 (60) Secer,A (2340)-Azaladze,S (2438) Izmir 2009}) 14... Nxa5 15. Bb5+ (15. Nxe4 $6 Bxe6 16. Bb5+ Kf7 $11) 15... Nc6 16. Nxe4 {Hoping for Nc5.} Bxe6 17. O-O-O a6 $1 {[%cal Ra6b5]} 18. Ba4 (18. Nc5 $5 {[%cal Rb5c6]} axb5 19. Nxe6 $14) 18... b5 19. Bb3 Bxb3 20. axb3 Kf7 21. Rd7 Rhd8 22. Rhd1 Rxd7 23. Rxd7 f5 ({Black should try} 23... Rc8 $14) 24. Ng5+ Kg8 (24... Ke8 $16 {was called for.} 25. Rc7 Na5) 25. Rc7 $1 $18 {[%cal Rc7c6]} Ne5 26. f4 $1 {[%cal Rf4e5]} ({Resist} 26. Rxe7 Bf6 $16) 26... Nd3+ $2 (26... Nf7) 27. Kd2 $1 Rd8 28. Ne6 Rd6 29. Rc8+ $1 Kf7 {[#]} 30. Nd8+ $1 Kf6 31. Bd4+ (31. Rc6 $142 Rxc6 32. Nxc6) 31... e5 32. fxe5+ ({But not} 32. Kxd3 $6 exd4 33. cxd4 g5 $16) 32... Nxe5 33. Nc6 $2 (33. Kc2 $18 Rd5 34. Nb7) 33... Kg5 $11 34. Ke2 (34. Nd8 $11) 34... Nxc6 ({Black should play} 34... Rxc6 $17 35. Rxc6 Nxc6 36. Bxg7 Kf4) 35. Bxg7 $17 {[%mdl 4096] Endgame KRB-KRN} Na5 36. c4 Nxb3 37. c5 Rd2+ 38. Ke3 f4+ 39. Ke4 Rxg2 {White must now prevent ...Re2+.} 40. c6 Re2+ 41. Kd5 {Bc3 is the strong threat.} Re7 $2 {[%mdl 8192] [#]} (41... Rd2+ $1 $11 {and Black is okay.} 42. Ke5 Na5) 42. Be5 $1 $18 {White is clearly winning.} Rf7 {Threatens to win with ...f3.} 43. Re8 f3 (43... Kh4 $142 44. c7 Rd7+ 45. Bd6 Rxc7 46. Bxc7 g5) 44. c7 Rd7+ 45. Kc6 Rxc7+ 46. Kxc7 Nc5 {And now ...f2 would win.} 47. Bd4 Nd3 48. Rf8 f2 49. Be3+ Kh4 50. Bxf2+ Nxf2 51. Rxf2 h5 52. Rf3 {Precision: White = 71%, Black = 29%.} 1-0

[Event "Top 12 FRA-chT 2017"]
[Site "Chartres"]
[Date "2017.05.27"]
[Round "10"]
[White "Relange, Eloi"]
[Black "Le Corre, Benjamin"]
[Result "1-0"]
[WhiteElo "2464"]
[BlackElo "2261"]
[Annotator "TA"]
[PlyCount "91"]
[EventDate "2017.??.??"]
[EventType "team-tourn"]
[EventCountry "FRA"]
[SourceTitle "playchess.com"]
[Source "ChessBase"]
[SourceQuality "1"]
[WhiteTeam "Saint Quentin"]
[BlackTeam "Vandoeuvre"]

{[%evp 20,91,35,14,17,20,47,46,57,61,80,76,95,90,85,75,112,114,201,133,192,155,143,156,234,167,157,163,248,250,245,245,243,248,272,269,288,269,264,266,273,246,240,191,235,238,247,244,300,300,382,394,418,427,467,442,568,553,564,558,901,887,837,817,818,760,681,436,930,913,858,848,1806,1824]} 1. Nf3 d6 2. g3 g6 3. Bg2 Bg7 4. O-O Nf6 5. c4 O-O 6. Nc3 Nc6 7. Rb1 e5 8. d3 Bd7 9. b4 {[%cal Bb2b4,Bb4b5][%mdl 32]} Qc8 10. Re1 Bh3 11. Bh1 Re8 {A26: English Opening vs King's Indian with ...Nc6 and d3} (11... h6 12. a4 Ng4 13. Nd5 Qd7 14. Nd2 f5 15. b5 Nd4 16. e3 Ne6 17. f3 Nf6 18. Bb2 g5 19. d4 exd4 20. exd4 {½-½ (56) Holmqvist,G (2246)-Bjork,C (2485) Sweden 2002}) 12. b5 Nd4 $146 ({Predecessor:} 12... Nd8 13. Nd5 Nxd5 14. cxd5 Bd7 15. Qc2 a6 16. a4 axb5 17. axb5 {½-½ (63) Pill,B-Zehfuss,H Germany 1988}) 13. a4 {[%cal Ba2a4,Ba4a5][%mdl 32]} Nxf3+ {White is slightly better.} 14. Bxf3 Bf5 15. Qc2 Rb8 16. Be3 b6 17. a5 Qe6 18. Bc6 e4 (18... Rf8 $16 {was worth a try.}) 19. Qd2 Rf8 (19... Ng4 $16 {was necessary.}) 20. Bg5 bxa5 21. Bxf6 Bxf6 (21... Qxf6 $16 {keeps fighting.} 22. Nxe4 Qd8 23. Qxa5 Bd7 24. Bxd7 (24. Qxa7 Bxc6 25. bxc6 Ra8 $16) 24... Qxd7) 22. Nxe4 Bxe4 23. Bxe4 Bd4 (23... d5 $142) 24. Qxa5 $18 Qf6 25. Rf1 Bb6 26. Qa1 Bd4 27. Qa2 Rfe8 28. e3 Rxe4 29. dxe4 Bc5 30. Qe2 Re8 31. Qg4 h5 {[#]} 32. Qf4 $1 {[%cal Rf4f6]} Qe6 33. e5 dxe5 34. Qe4 f5 35. Qb7 Re7 36. Rbd1 Kg7 {White is clearly winning.} 37. Qd5 Qb6 38. Ra1 Qd6 39. Rfd1 Rd7 40. Qf3 Qe6 41. Rxd7+ Qxd7 42. Rd1 Qe6 43. Rd5 Qe7 (43... Be7 $142 44. e4 Kf6) 44. Qd1 Kh6 45. Rd7 Qg5 46. h4 {Precision: White = 79%, Black = 36%.} 1-0

[Event "Top 12 FRA-chT 2017"]
[Site "Chartres"]
[Date "2017.05.27"]
[Round "10"]
[White "Brunner, Nicolas"]
[Black "Kveinys, Aloyzas"]
[Result "1/2-1/2"]
[WhiteElo "2459"]
[BlackElo "2520"]
[Annotator "TA"]
[PlyCount "98"]
[EventDate "2017.??.??"]
[EventType "team-tourn"]
[EventCountry "FRA"]
[SourceTitle "playchess.com"]
[Source "ChessBase"]
[SourceQuality "1"]
[WhiteTeam "Vandoeuvre"]
[BlackTeam "Saint Quentin"]

{[%evp 13,98,31,43,22,29,8,0,0,1,9,54,39,59,-19,-15,-22,-7,-14,-11,-12,-17,-32,-31,-38,-27,-51,-43,-62,-62,-61,-32,-55,-18,-16,-20,-12,-10,-16,29,-56,-23,-31,-24,-31,0,-50,-53,-53,-50,-53,-47,-52,-49,-55,-41,-46,-49,-38,-33,-41,-37,-35,0,0,0,0,0,0,0,-50,-50,-50,-25,-50,-50,-50,-50,-51,-50,-51,-51,-51,-51,-51,-51,-51,-51]} 1. d4 Nf6 2. c4 e6 3. Nf3 Bb4+ 4. Bd2 a5 5. g3 d6 6. Bg2 Nbd7 7. O-O e5 8. Qc2 {E11: Bogo-Indian} (8. Be3 O-O 9. Qc2 exd4 10. Bxd4 Re8 11. Nc3 c6 12. Rad1 Qe7 13. a3 Bc5 14. Rfe1 h6 15. e4 Bxd4 16. Nxd4 {½-½ (70) Postny,E (2616)-Van Wely,L (2685) Novi Sad 2016}) 8... O-O 9. e4 exd4 10. Nxd4 {The position is equal.} Bc5 $146 ({Predecessor:} 10... Re8 11. Nc3 Ne5 12. b3 h6 13. Rad1 {0-1 (45) Naumann,A (2545)-Hjartarson,J (2529) Berlin 2015}) 11. Bc3 a4 12. Nd2 c6 13. Rfe1 ({White should try} 13. b4 $14 axb3 14. axb3 Rxa1 15. Rxa1) 13... Qb6 $11 14. N2f3 Ne5 $36 {[%mdl 2048] Black fights for an advantage.} 15. Nxe5 dxe5 16. Nf3 Ng4 {[%cal Rc5f2,Bf6g4,Bg4h6,Bh6f7][%mdl 32]} 17. Re2 f6 $1 18. h3 Nh6 19. Rd2 Be6 20. Bf1 Nf7 21. Rad1 Bb4 22. Kg2 Qa5 (22... Be7 {seems wilder.} 23. Be2 Bc5 24. Bf1 Rfe8 25. Kg1 Red8) 23. Bxb4 Qxb4 24. a3 Qa5 25. Be2 c5 26. Qc3 (26. Nh4 $11) 26... Qxc3 (26... Qc7 {is more complex.} 27. Ng1 Qc6 28. Qe3 Rfd8 29. Rxd8+ Nxd8 30. Nf3 Nf7) 27. bxc3 Rfd8 28. Rxd8+ Nxd8 (28... Rxd8 {looks sharper.} 29. Rxd8+ Nxd8 30. Bd1 Nc6 31. Bxa4 Na5) 29. Nd2 Nf7 30. Rb1 Rd8 31. Rb2 Kf8 32. h4 Nd6 33. Kf3 Bd7 34. Ke3 Bc6 35. Bd3 h6 36. Rb1 g5 37. f3 Kg7 38. h5 Kf8 (38... g4 $5) 39. g4 Be8 40. Nf1 Bf7 41. Nd2 (41. Rb6 {feels hotter.} Nxc4+ 42. Bxc4 Bxc4 43. Ng3 Rd3+ 44. Kf2) 41... Ke7 42. Ke2 Rb8 43. Kd1 Kd7 {Black is slightly better.} 44. Kc1 Kc7 45. Be2 b6 46. Kc2 Rd8 47. Rb2 Be6 48. Rb1 Kb7 49. Rb2 Ka7 {Precision: White = 52%, Black = 47%.} 1/2-1/2

[Event "Top 12 FRA-chT 2017"]
[Site "Chartres"]
[Date "2017.05.27"]
[Round "10"]
[White "Abergel, Thal"]
[Black "Vernay, Clovis"]
[Result "1-0"]
[WhiteElo "2457"]
[BlackElo "2501"]
[Annotator "TA"]
[PlyCount "59"]
[EventDate "2017.??.??"]
[EventType "team-tourn"]
[EventCountry "FRA"]
[SourceTitle "playchess.com"]
[Source "ChessBase"]
[SourceQuality "1"]
[WhiteTeam "Tremblay-En-France"]
[BlackTeam "Bois-Colombes"]

{[%evp 9,59,32,38,10,42,50,51,38,47,0,0,1,41,16,31,8,97,60,61,63,66,52,110,112,105,105,100,95,113,106,114,114,123,129,126,75,75,89,127,67,181,202,371,351,814,834,827,816,814,801,29998,29999]} 1. e4 e6 2. Qe2 Nc6 3. Nf3 e5 4. c3 a6 $146 ({Predecessor:} 4... g6 5. d4 d6 6. Bg5 f6 7. Be3 Nh6 8. Qc4 Nf7 9. h4 h5 10. g3 a6 11. Bg2 Bg7 12. O-O {½-½ (38) Morozevich,A (2707)-Zvjaginsev,V (2659) Moscow 2005}) 5. d4 d6 6. Qc2 {C00: French: Unusual White 2nd moves} Be7 7. d5 Nb8 8. c4 {White is slightly better.} Bg4 9. Nbd2 {[%cal Bb1d2,Bd2f1,Bf1e3][%mdl 32]} Nf6 10. h3 Bc8 11. Be2 O-O 12. Nf1 c5 (12... c6 $11 {keeps the balance.}) 13. g4 b5 14. Ne3 g6 15. Bd2 Ne8 (15... b4 $14) 16. cxb5 $16 axb5 17. Bxb5 Nc7 18. Bc4 Ba6 19. a4 Nd7 20. b3 Qc8 21. Bc3 Nb6 22. Qd3 ({White should try} 22. Bxa6 Qxa6 23. Qe2) 22... Bxc4 23. Nxc4 Qa6 24. h4 (24. a5 $16 Nxc4 25. bxc4) 24... Rae8 {[#]} (24... Nxc4 $14 25. bxc4 Qb7) 25. Nfd2 $1 $18 f5 $2 (25... Rb8 {was necessary.} 26. Ba5 Rb7 27. Bxb6 Rxb6) 26. gxf5 gxf5 $2 (26... Nxc4 27. Nxc4 gxf5) 27. Rg1+ Kh8 28. Qg3 {[%csl Gg1][%cal Rg3g7]} Bf6 29. Nxd6 {Threatening mate with Qg8+!} Nbxd5 {[#]} 30. Qg8+ $1 {[%mdl 512] Precision: White = 51%, Black = 26%.} 1-0

[Event "Top 12 FRA-chT 2017"]
[Site "Chartres"]
[Date "2017.05.27"]
[Round "10"]
[White "Barbot, Pierre"]
[Black "Caron, Damien"]
[Result "1-0"]
[WhiteElo "2456"]
[BlackElo "2024"]
[Annotator "TA"]
[PlyCount "61"]
[EventDate "2017.??.??"]
[EventType "team-tourn"]
[EventCountry "FRA"]
[SourceTitle "playchess.com"]
[Source "ChessBase"]
[SourceQuality "1"]
[WhiteTeam "Clichy"]
[BlackTeam "Montpellier"]

{[%evp 15,61,63,77,29,56,32,38,35,57,18,39,53,43,17,49,53,64,35,46,72,59,0,64,90,188,181,345,369,453,466,478,477,477,477,468,465,451,456,459,456,452,447,445,437,550,537,633,631]} 1. d4 Nf6 2. c4 c5 3. d5 d6 4. Nc3 g6 5. e4 Bg7 6. h3 O-O 7. Nf3 Na6 {[%cal Bb8a6,Ba6c7,Bc7e6,Be6f4][%mdl 32]} 8. Bd3 Nc7 {LiveBook: 144 Games} 9. Bf4 {E90: King's Indian: Classical: Early deviations and 6 h3} e5 10. dxe6 $146 ({Predecessor:} 10. Bg5 h6 11. Be3 a6 12. Qd2 Kh7 13. a4 b6 14. g4 Ng8 {1-0 (40) Borges Matos,J (2475)-LLobet Reus,P (2161) Banyoles 2000}) 10... Nxe6 11. Bh2 {White is slightly better.} Nh5 12. O-O Nef4 13. Re1 g5 14. e5 g4 15. hxg4 Bxg4 16. exd6 {Strongly threatening Rb1.} Bxc3 $1 17. bxc3 {Hoping for Qd2.} Qf6 18. Re4 (18. Bg3 $14) 18... Rae8 (18... Rad8 $11 19. Qd2 Bxf3 20. Rxf4 Nxf4 21. Bxf4 Qg7) 19. Qe1 $36 {[%mdl 2048] White is in control.} Re6 (19... Bd7 $16) 20. Qe3 $18 {[%cal Rh2f4]} Qxc3 $2 {[#]} (20... Bxf3 21. Qxf3 Nxd3 22. Rg4+ (22. Qxd3 Qg6 $16) 22... Ng7 23. Qxd3 Rd8) 21. Rd1 Bxf3 22. Qxf3 {White is clearly winning.} Nxd3 23. Rxe6 fxe6 24. Qxd3 Qxd3 25. Rxd3 {[%mdl 4096] Endgame KRB-KRN} Nf6 26. d7 Rd8 27. Be5 Rxd7 28. Rg3+ Kf7 29. Rf3 Rd2 30. Rxf6+ Ke7 31. Rh6 {Precision: White = 72%, Black = 22%.} 1-0